00967nam a2200229Ia 4500003000900000008004100009020001800050040001600068080002500084100002500109111012300134245021900257260003500476300001400511650002200525650001900547650001900566700002400585942000700609999001500616952010600631IN-BaIIA211028s9999 xx 000 0 eng d a0-12-014652-5 cIIA Library a047.1:621.38bAEE-52 aMorgan, B. L.914651 aSymposium on Photo-Electronic Image DevicesĀ n7thcBlackett laboratory,Imperial college,London,d1978 Sep. 4-8914652 0aPhoto-electronic image devicesbproceedings of the seventh Symposium on photo-electronic image devices, held at the Blackett Laboratory, Imperial College, London, Sept.ember 4-8, 1978cB. L. Morgan And D. Mcmullan aNew YorkbAcademic Pressc1979 axv, 532p. aElectronics91576 aElectrophysics aNASA Thesaurus aMcmullan, D.914653 cBK c8722d8722 00104070aBANbKAVcGENd1986-06-05l0o047.1:621.38/ AEE-52p9597r2021-11-05w1986-06-05yBKG104